Mario Kart World - Strecken Layouts - Statistiken

Allgemein
  • Dieses Quiz wurde 10 mal gespielt
  • Das Durchschnittsergebnis liegt bei 11 aus 30
Antwortstatistiken
Bildquiz Antwort % Korrekt
Koopa-Strand
89%
DK-Startrampe
78%
Marios Piste
78%
Kuhmuh-Weide
67%
Regenbogen-Boulevard
67%
Eiscreme-Eskapade
56%
Glühheiße Wüste
56%
Wario-Arena
56%
Fliegende Festung
44%
Peach Beach
44%
Schoko-Sumpf
44%
Toads Fabrik
44%
Aurora-Ausblick
33%
Dampflok-Gipfel
33%
DK Alpin
33%
Wildtierpark
33%
Baumwipfelpfad
22%
Bowsers Festung
22%
Cheep-Cheep-Kaskaden
22%
Dinodino-Dschungel
22%
Kino Buu Huu
22%
Knochentrocken-Vulkan
22%
Kronen-Metropole
22%
Peach-Stadion
22%
Pusteblumen-Grotte
22%
Salzwasser-Serpentinen
22%
Shy Guy Basar
22%
Warios Galeonenwrack
22%
?-Block-Ruinen
11%
Mario Bros.-Piste
11%
Keine übereinstimmenden Quizze gefunden
Verteilung der Resultate
Anzahl Personen mit jedem Resultat
Perzentil nach korrekt beantworteten Fragen
Ihre Resultats-Entwicklung
Sie haben dieses Quiz noch nicht gespielt